000 00884nam a22002897a 4500
001 BR7600340
003 BR-BrBNA
005 20230928084857.0
007 ta
008 230509b bl.||||| |||| 00| 0 por d
040 _aBR-BrBNA
_bpor
_cBiblioteca Nacional de Agricultura
041 _a(Por)
072 _aE70
_b5213
_b9710
_b/G514
090 _ 5213 BR7600340
110 1 _aAssociacao Nordestina de Credito e Assistencia Rural do Ceara, Fortaleza (Brasil)
245 1 _aEstudo sobre viabilidade da comercializacao do gado de corte atraves de um sistema cooperativista [Ceara; Brasil]
260 3 _aFortaleza, CE (Brasil):
_cMay 1975.
300 _a38 p.
500 _a12 tables; 9 ref.
650 _aComercializacao
650 _aCooperativa
650 _aGado de corte
650 _aCarne
650 _aCeara
909 _a202309
_bLucia
_c55
_dLucia Elande
942 _cBK
999 _c21626
_d21626